THEORY AND APPLICATION OF INTERMEDIATE MICROECONOMICS (Record no. 215872)
[ view plain ]
| 000 -LEADER | |
|---|---|
| fixed length control field | 00546nam a22001937a 4500 |
| 008 - FIXED-LENGTH DATA ELEMENTS--GENERAL INFORMATION | |
| fixed length control field | 250709b |||||||| |||| 00| 0 eng d |
| 020 ## - INTERNATIONAL STANDARD BOOK NUMBER | |
| International Standard Book Number | 978-0-324-59949-7 |
| 050 ## - LIBRARY OF CONGRESS CALL NUMBER | |
| Classification number | HB 172 .N53 2010 |
| 100 ## - MAIN ENTRY--PERSONAL NAME | |
| Personal name | NICHOLSON, WALTER |
| 245 ## - TITLE STATEMENT | |
| Title | THEORY AND APPLICATION OF INTERMEDIATE MICROECONOMICS |
| 250 ## - EDITION STATEMENT | |
| Edition statement | 11 |
| 260 ## - PUBLICATION, DISTRIBUTION, ETC. | |
| Place of publication, distribution, etc. | AUSTRALIA |
| Name of publisher, distributor, etc. | SOUTH-WESTERN CENGAGE LEARNING |
| Date of publication, distribution, etc. | 2010 |
| 300 ## - PHYSICAL DESCRIPTION | |
| Extent | XXXI,653P.:ILL |
| 500 ## - GENERAL NOTE | |
| General note | INCLUDES INDEX |
| 650 ## - SUBJECT ADDED ENTRY | |
| Topical term or geographic name entry element | MICROECONOMICS |
| 700 ## - ADDED ENTRY--PERSONAL NAME | |
| Personal name | SNYDER, CHRISTOPHER |
| 942 ## - ADDED ENTRY ELEMENTS (KOHA) | |
| Source of classification or shelving scheme | Library of Congress Classification |
| Koha item type | Long Loan Book |
| Withdrawn status | Lost status | Source of classification or shelving scheme | Damaged status | Not for loan | Collection | Home library | Current library | Shelving location | Date acquired | Inventory number | Total checkouts | Full call number | Barcode | Date last seen | Copy number | Price effective from | Koha item type | Date last checked out |
|---|---|---|---|---|---|---|---|---|---|---|---|---|---|---|---|---|---|---|
| Library of Congress Classification | Business & Economics | Kisii University Library | Kisii University Library | On Display | 07/09/2025 | 109014 | HB 172 .N53 2010 | 000000018021 | 07/09/2025 | 1 | 07/09/2025 | Long Loan Book | ||||||
| Library of Congress Classification | Business & Economics | Kisii University Library | Kisii University Library | On Display | 07/09/2025 | 109015 | 1 | HB 172 .N53 2010 | 000000022853 | 10/08/2025 | 2 | 07/09/2025 | Long Loan Book | 09/30/2025 | ||||
| Library of Congress Classification | Business & Economics | Kisii University Library | Kisii University Library | On Display | 07/09/2025 | 109016 | HB 172 .N53 2010 | 000000022852 | 07/09/2025 | 3 | 07/09/2025 | Long Loan Book | ||||||
| Library of Congress Classification | Business & Economics | Kisii University Library | Kisii University Library | On Display | 07/09/2025 | 109017 | HB 172 .N53 2010 | 000000022851 | 07/09/2025 | 4 | 07/09/2025 | Long Loan Book | ||||||
| Library of Congress Classification | Business & Economics | Kisii University Library | Kisii University Library | On Display | 07/09/2025 | 109018 | 1 | HB 172 .N53 2010 | 000000022850 | 01/06/2026 | 5 | 07/09/2025 | Long Loan Book | 12/15/2025 |